000 00827nas a2200265 4500
001 BR2012007544
003 BR-BrBNA
005 20231205121254.0
007 ta
008 230509b bl.|||p| |||| 00| 00por d
040 _aBR-BrBNA
_bpor
_cBiblioteca Nacional de Agricultura
041 _a(Pt)
072 _aK50; K10
100 1 _aMendes, C.M. da V.
100 1 _aLeite Filho, P.A.M.
245 1 _aComo a corrupção pode influenciar desmatamento na floresta amazônica
650 _aDESMATAMENTO
650 _aFLORESTA
650 _aPOLÍTICA FLORESTAL
650 _aLEGISLAÇÃO
650 _aFISCALIZAÇÃO FLORESTAL
773 0 _tRevista Econômica do Nordeste (Brazil)
_xISSN 0100-4956
_g(Oct-Dez 2009), v. 40(4) p. 769-779
_wBR2012007544
909 _a202311
_bLúcia
_c55
_dLúcia Elande
942 _2AGRIS
_n0
_cANA
999 _c222681
_d222681